Titres de films comiques français à compléter - Statistiques

Statistiques générales
  • Ce quiz a été pris 1 598 fois
  • Le résultat moyen est 17 sur 26
Statistiques - réponses
Titre incomplet Indices Mot manquant % Correct
La grande .... 1966 - Gérard Oury vadrouille
97%
La soupe aux ... 1981 - Jean Girault choux
96%
Le dîner de ... 1998 - Francis Veber cons
95%
La guerre des ... 1962 - Yves Robert boutons
94%
Ni vu, ni .... 1958 - Yves Robert connu
93%
La ville est un long fleuve .... 1988 - Étienne Chatiliez tranquille
93%
La folie des .... 1971 - Gérard Oury grandeurs
92%
L'aile ou la ... 1976 - Claude Zidi cuisse
90%
Les ... de Rabbi Jacob 1973 - Gérard Oury aventures
86%
Nous irons tous au ... 1977 - Yves Robert paradis
82%
Papy fait de la ... 1983 - Jean-Marie Poiré résistance
81%
L'auberge ... 2002 - Cédric Klapisch espagnole
72%
Un ... ça trompe énormément 1976 - Yves Robert éléphant
71%
Le Grand Blond avec une chaussure ... 1972 - Yves Robert noire
70%
L'élève ... 2011 - Philippe de Chauveron Ducobu
69%
La cage aux ... 1978 - Edouard Molinaro folles
67%
Marche à l'... 1984 - Michel Blanc ombre
62%
Viens chez moi, j'habite chez une ... 1981 - Patrice Leconte copine
56%
Tatie .... 1980 - Etienne Chatiliez Danielle
56%
Inspecteur la ... 1980 - Claude Zidi bavure
45%
Les vacances de Monsieur ... 1953 - Jacques Tati Hulot
41%
Le ... de l'Atlantique 1970 - Marcel Camus mur
32%
Alexandre le .... 1968 - Yves Robert bienheureux
28%
Les ... de Pont-Aven 1975 - Joël Séria galettes
27%
Un ... au paradis 2001 - Jean Becker crime
13%
Un drôle de .... 1963 - Jean-Pierre Mocky paroissien
10%
Aucun quiz correspondant
Distribution des résultats
% des personnes avec chaque résultat
Percentile par nombre de réponses
Votre historique - résultats
Vous n’avez pas pris ce quiz